10 Loftiest Mountains ⛰️ - Statistics

General Stats
  • This quiz has been taken 5 times
  • The average score is 4 of 10
Answer Stats
Above Mean Sea Level Country Answer % Correct
8,611 m India K2
100%
8848.86 m Nepal - China Mount Everest
100%
8,516 m Nepal - China Lhotse
60%
8,091 m Nepal Annapurna
40%
8,586 m Nepal Kanchenjunga
40%
8,126 m Locally known as Diamer India Nanga Parbat
40%
8,167 m Nepal Dhaulagiri
20%
8,485 m Southeast of Everest Nepal - China Makalu
20%
8,188 mMeans " Torquoise Goddess in Tibetan. Nepal - China Cho Oyu
0%
8,163 m Nepal Manasalu
0%
No matching quizzes found
Score Distribution
Percent of People with Each Score
Percentile by Number Answered
Your Score History
You have not taken this quiz